[Event "AUTO-INT-3385"]
[Site "http://www.queenalice.com/game.php?id=1549066"]
[Date "2018.11.13"]
[Round "1"]
[White "juim"]
[Black "Playchess98"]
[Result "1-0"]
[WhiteElo "1550"]
[BlackElo "1234"]

1. e4 e5 2. d4 exd4 3. Qxd4 Nc6 4. Qd1 Ne5 5. Bf4 Qf6 6. Qd2 Bc5 7. Nc3 d6 8.
O-O-O Be6 9. b3 g5 10. Bxe5 Qxe5 11. Kb1 Bxf2 12. Qxf2 Qxc3 13. Rd3 Qe5 14. Nf3
Qf4 15. Be2 Nf6 16. g3 Nxe4 17. gxf4 Nxf2 18. Rg1 Nxd3 19. Bxd3 gxf4 20. Nh4
O-O-O 21. Be4 d5 22. Bf3 Rhg8 23. Rf1 d4 24. Be4 Rg4 25. Ng2 b5 26. h3 Rg3 27.
Nxf4 Bxh3 28. Nxh3 Rxh3 29. Rxf7 h5 30. Bf5+ Kb8 31. Bxh3 Rh8 32. Rf5 a6 33. Rd5
Kb7 34. Rxd4 Kb6 35. c4 b4 36. Rd5 c5 37. Kb2 h4 38. Rd6+ Ka5 39. Rc6 Rh5 40.
Bc8 1-0

[Event "AUTO-INT-3385"]
[Site "http://www.queenalice.com/game.php?id=1549067"]
[Date "2018.11.13"]
[Round "1"]
[White "Playchess98"]
[Black "juim"]
[Result "0-1"]
[WhiteElo "1231"]
[BlackElo "1595"]

1. e4 d5 2. exd5 Qxd5 3. d4 Nc6 4. Nf3 Bg4 5. Nc3 Qf5 6. Bd3 Qd7 7. Be2 O-O-O 8.
O-O Nxd4 9. Nxd4 Bxe2 10. Ncxe2 e5 11. Be3 exd4 12. Bxd4 b6 13. Qd3 c5 14. Bxc5
Qxd3 15. cxd3 bxc5 16. Nf4 Bd6 17. Nd5 Ne7 18. Nc3 Be5 19. Rfe1 Bxc3 20. Rxe7
Bf6 21. Rxa7 Kb8 22. Ra5 Rxd3 23. Rb1 Kc7 24. Rxc5+ Kb6 25. b4 Ra8 26. g3 Rxa2
27. Rh5 h6 28. b5 Bd4 29. Rf5 Ra1 30. Rxa1 Bxa1 31. Rxf7 Kxb5 32. Kg2 g5 33. Kh3
Kc4 34. Rh7 Rd6 35. Kg4 Rd2 36. Rxh6 Bb2 37. f3 Rd8 38. Kxg5 Rd5+ 39. Kg4 Kd3
40. f4 Ke2 41. Rh5 Rd4 42. h4 Rd8 43. Rg5 Kf2 44. Kh5 Kg2 45. Rg6 Bd4 46. g4 Kg3
47. f5 Be3 48. g5 Rd4 49. Kh6 Rxh4+ 50. Kg7 Rf4 51. f6 Rf5 52. Kh6 Kh4 53. Rg7
Rxf6+ 0-1

[Event "AUTO-INT-3385"]
[Site "http://www.queenalice.com/game.php?id=1549082"]
[Date "2018.11.13"]
[Round "1"]
[White "IgorOliveiraSep"]
[Black "Playchess98"]
[Result "0-1"]
[WhiteElo "1599"]
[BlackElo "1289"]

1. e4 e5 2. Nf3 Nc6 3. Nc3 Bc5 4. Bc4 Nf6 5. Nd5 Nxe4 6. d4 Bxd4 7. Nxd4 Nxd4 8.
c3 Nf5 9. O-O O-O 10. Bd3 Ned6 11. Bxf5 Nxf5 12. Qd3 d6 13. a4 c6 14. Ne3 Qf6
15. Ng4 Qg6 16. Ne3 Bd7 17. Nxf5 Bxf5 18. Qg3 c5 19. Qxg6 fxg6 20. Bg5 d5 21.
Be7 Rfc8 22. Rad1 d4 23. cxd4 exd4 24. Rc1 b6 25. Rce1 a6 26. Bd6 c4 27. Rd1 d3
28. Rd2 Re8 29. f3 b5 30. axb5 axb5 31. Kf2 Ra2 32. Re1 Rxe1 33. Kxe1 Kf7 34.
Be5 b4 35. g4 Be6 36. Rd1 h6 37. Kd2 g5 38. Ke3 g6 39. Rc1 Ke7 40. h3 Kd7 41.
Kd2 Kc6 42. Bg7 h5 43. gxh5 gxh5 44. Bh6 Rxb2+ 45. Kd1 Rg2 46. f4 gxf4 47. Bxf4
c3 48. h4 Rg1# 0-1

[Event "AUTO-INT-3385"]
[Site "http://www.queenalice.com/game.php?id=1549083"]
[Date "2018.11.13"]
[Round "1"]
[White "Playchess98"]
[Black "IgorOliveiraSep"]
[Result "1-0"]
[WhiteElo "1229"]
[BlackElo "1645"]

1. e4 e5 2. Nf3 Nc6 3. Nc3 Nf6 4. d4 Nxd4 5. Nxd4 exd4 6. Qxd4 Be7 7. Bd3 d6 8.
O-O O-O 9. Bf4 c5 10. Qc4 Be6 11. Qb5 a6 12. Qxb7 Rb8 13. Qxa6 Qb6 14. Qxb6 Rxb6
15. Na4 Rb7 16. Rfe1 Ng4 17. b3 Bf6 18. Rab1 h6 19. Bxd6 Be7 20. Bxc5 Bxc5 21.
Nxc5 Rc7 22. Nxe6 fxe6 23. a4 Ne5 24. a5 Nxd3 25. cxd3 Rc2 26. b4 Rcxf2 27. Rf1
Rxf1+ 28. Rxf1 Rb8 29. Rb1 Kf7 30. b5 Ke7 31. b6 Kd7 32. Rc1 Rc8 33. Rb1 Kc6 34.
a6 g5 35. b7 Rb8 36. Kf2 Kc7 37. Ke3 e5 38. d4 exd4+ 39. Kxd4 1-0

[Event "AUTO-INT-3385"]
[Site "http://www.queenalice.com/game.php?id=1549094"]
[Date "2018.11.13"]
[Round "1"]
[White "Playchess98"]
[Black "Ricardoabreu"]
[Result "1-0"]
[WhiteElo "1259"]
[BlackElo "1677"]

1. e4 b6 2. Nc3 g6 3. Bc4 Bb7 4. d3 Bg7 5. Qf3 f5 6. Bd5 Bxd5 7. exd5 Na6 8. Bf4
d6 9. Nge2 Nf6 10. a3 Nh5 11. O-O Nxf4 12. Qxf4 Qd7 13. Rfe1 Nc5 14. Nd4 O-O 15.
Re3 Rf6 16. Nc6 Rf7 17. Rae1 Bf6 18. d4 Nb7 19. Rg3 Nd8 20. Nxd8 Rxd8 21. a4 Re8
22. Nb5 a6 23. Nc3 e6 24. dxe6 Rxe6 25. Rge3 Rxe3 26. Qxe3 Re7 27. Qd2 Bxd4 28.
Rxe7 Qxe7 29. g3 Bf6 30. b3 Qe5 31. Nd5 Bd8 32. c4 c6 33. Nf4 Bg5 34. Kg2 Bxf4
35. gxf4 Qe4+ 36. f3 Qe7 37. Kg3 c5 38. Qd5+ Kg7 39. Qc6 Qd8 40. Qb7+ Kg8 41.
Qxa6 Qc7 42. Qa8+ Kg7 43. Qe8 Kh6 44. Qf8+ Kh5 45. h4 Qd7 46. Qf6 Kh6 47. h5 Qc7
48. hxg6 hxg6 49. Kh4 Qd7 50. Qf8+ Kh7 51. Kg5 Qc7 52. Qh6+ Kg8 53. Qxg6+ Qg7
54. Qxg7+ Kxg7 55. Kxf5 Kf7 56. Ke4 Ke6 57. f5+ Kf6 58. Kd5 Kxf5 59. Kxd6 Kf4
60. Kc6 Kxf3 61. Kxb6 Ke3 62. Kxc5 Kd3 63. a5 Kc3 64. b4 Kb3 65. a6 1-0

[Event "AUTO-INT-3385"]
[Site "http://www.queenalice.com/game.php?id=1549095"]
[Date "2018.11.13"]
[Round "1"]
[White "Ricardoabreu"]
[Black "Playchess98"]
[Result "0-1"]
[WhiteElo "1647"]
[BlackElo "1204"]

1. b3 e5 2. Bb2 Nc6 3. g3 d5 4. Bg2 Bd6 5. Bxd5 Nf6 6. Bg2 e4 7. e3 O-O 8. Nc3
Bg4 9. f3 exf3 10. Bxf3 Qd7 11. h3 Bxg3+ 12. Kf1 Bf5 13. d3 Rfe8 14. e4 Qd4 15.
Qe2 Nh5 16. Bxh5 Qf6 17. Bf3 Nd4 18. Qd1 Bg6 19. Nd5 Qe5 20. c3 Ne6 21. Qd2 c6
22. c4 Bf4 23. Bxe5 Bxd2 24. Bg4 cxd5 25. exd5 Bxd3+ 26. Ne2 Ng5 27. Bb2 Ne4 28.
Rg1 Ng5 29. Rg3 Re3 30. Rxe3 Bxe3 31. Ke1 f5 32. h4 fxg4 33. hxg5 Bxg5 34. Ng3
Bh4 35. Kf2 Re8 36. Kg2 Re3 37. Nf5 Re2+ 38. Kg1 Bf2+ 39. Kh1 Bxf5 40. Be5 Rxe5
41. Rf1 g3 42. d6 Be4# 0-1